000 00477cam a2200181ua 4500
001 11474
008 190921n ii |||gr||||Z||||||eng
040 _cMAIN
041 _aeng
082 _a332.46
100 _aM L Seth,
_eAuthor.
245 _aMonetary economics :
_bmoney, banking and international trade /
_cBy M L Seth .
250 _a5th rep.
260 _aDelhi:
_bLakshmi narain agarwal,
_c1982.
300 _a799p.
653 _aFinancial economics
942 _cBK
999 _c10307
_d10307